Information theory and reliable communication (Record no. 4913)

000 -LEADER
fixed length control field 00485 a2200169 4500
020 ## - INTERNATIONAL STANDARD BOOK NUMBER
International Standard Book Number 0471290483
035 ## - SYSTEM CONTROL NUMBER
System control number 1213
040 ## - CATALOGING SOURCE
Original cataloging agency DLC
Language of cataloging DLC
100 10 - MAIN ENTRY--PERSONAL NAME
Personal name Gallager, Robert G.
245 10 - TITLE STATEMENT
Title Information theory and reliable communication
Statement of responsibility, etc. [by] Robert G. Gallager
260 0# - PUBLICATION, DISTRIBUTION, ETC.
Place of publication, distribution, etc. New York
Name of publisher, distributor, etc. , Wiley
Date of publication, distribution, etc. [1968]
300 ## - PHYSICAL DESCRIPTION
Extent xiv, 588 p
Other physical details . illus
Dimensions . 23 cm.
650 #0 - SUBJECT ADDED ENTRY--TOPICAL TERM
Topical term or geographic name entry element Information theory.
650 #0 - SUBJECT ADDED ENTRY--TOPICAL TERM
Topical term or geographic name entry element Telecommunication.
650 #0 - SUBJECT ADDED ENTRY--TOPICAL TERM
Topical term or geographic name entry element Data transmission systems.
942 ## - ADDED ENTRY ELEMENTS (KOHA)
Koha item type Book
Call number prefix 003.54 GAL
Source of classification or shelving scheme
Holdings
Withdrawn status Lost status Damaged status Not for loan Collection code Permanent Location Current Location Shelving location Date acquired Source of acquisition Cost, normal purchase price Total Checkouts Full call number Barcode Date last seen Price effective from Koha item type Date last checked out
          Central Library (CL) Central Library (CL) First Floor - Computer Science 12/14/2007 Progressive International Agencies 6969.23   003.54 GAL SEECS008808 11/14/2012 01/05/2017 Book  
          Central Library (CL) Central Library (CL) First Floor - Computer Science 12/26/2007 Progressive International Agencies 6969.23 1 003.54 GAL SEECS008830 01/15/2016 01/05/2017 Book 10/26/2015
© 2023 Central Library, National University of Sciences and Technology. All Rights Reserved.